Concionvm R. P. Ioannis Osorii Societatis Iesv Tomvs Qvintvs

Bibliographic Details
Main Author: Osorio, Juan, 1542-1594 (Author, Dedicator)
Corporate Author: Hierat, Anton starší (Kolín nad Rýnom, Nemecko) (Printer)
Other Authors: Hierat, Anton, starší, zomrel 1627 (Printer)
Format: Book
Language:Latin
PhysicalDescription:[266] listov 2° 26,5 × 11 cm
Published: Coloniae Agrippinae Apud Antonium Hierat, sub Monocerote Anno M. Dc. [=1600]
Subjects:

MARC

LEADER 00000nam a2200000 a 4500
001 vtls011824933
003 SK-MaSNL
005 20260302055000.0
008 251112s1600 gw f 011 0 lat
015 |a SNBHFA1600 
035 |a urn:nbn:sk:snk-am00ijsi 
035 |a 52FA8278-7EF5-478C-BF8C-4388B5BED795 
040 |a SNKHFA  |b slo  |c SNKHFA  |e AACR2 
041 |a lat 
044 |a gw  |c DE 
072 7 |a 2  |x Náboženstvo  |2 konspekt 
080 |a 2-475.5  |2 2011 
080 |a 27  |2 2011 
080 |a 21/29-1/-9  |2 2011 
080 |a 2-528  |2 2011 
100 1 |a Osorio, Juan,  |d 1542-1594  |4 aut  |4 dto  |9 178997 
245 1 0 |a Concionvm R. P. Ioannis Osorii Societatis Iesv  |n Tomvs Qvintvs 
260 |a Coloniae Agrippinae  |b Apud Antonium Hierat, sub Monocerote  |c Anno M. Dc. [=1600] 
300 |a [266] listov  |c 2°  |c 26,5 × 11 cm 
500 |a Vinety, vlys, ozdobné iniciálky s ornamentálnym pozadím 4 a 5 riadkov 
504 |a Marginálie, kustódy 
508 |a Dedikácia: Osorio, Juan; Reinoso, Franciscus de 
510 4 |a VD 16 W/1188 
546 |a Latinčina  |b Antiqua  |b Kurzíva 
561 |a Z knižnice františkánov Trnava. - Pečiatka Ex Bibliotheca Conventus fratrum Minorum Nagyszombat.  |5 SNK ID 100369/5/D1 
561 |a Z knižnice františkánov Skalica.  |5 SNK ID 100369/5 
562 |a Rukopisná poznámka na titulnom liste: Liber Sch. Hlustr. S. Patachink.  |5 SNK ID 100369/5/D1 
562 |a Rukopisné exlibrisy: Ex libris Mgri Jonae Petri Coloniensis Parochi Miculcziensis Anno 1654. - Conuentus Szakolczensis 1681. - Adam9 Kauschek Canon. Poson: - Martinus Snopek.  |5 SNK ID 100369/5 
563 |a Väzba: svetlohnedá so slepotlačou, poškodená.  |5 SNK ID 100369/5/D1 
563 |a Väzba: žlto-hnedá ošúchaná koža s dvoma kovovými sponami a linajkovou slepotlačou  |5 SNK ID 100369/5 
650 0 7 |a kázne  |2 SNKPH  |9 1954 
650 0 7 |a liturgia  |2 SNKPH  |9 1990 
650 0 7 |a kresťanstvo  |2 SNKPH  |9 2024 
650 0 7 |a náboženstvo  |2 SNKPH  |9 2023 
700 1 |a Hierat, Anton,  |c starší,  |d zomrel 1627  |4 prt  |9 178991 
700 1 |a Reinoso, Franciscus de  |4 hnr  |9 714852 
700 1 |a Kolínsky, Ján Peter  |4 fmo  |9 714853 
700 1 |a Kaušek, Adam  |4 fmo  |9 714854 
700 1 |a Snopek, Martin  |4 fmo  |9 714855 
710 1 |a Františkáni (Trnava, Slovensko)  |4 fmo  |9 305289 
710 0 |a Hierat, Anton starší (Kolín nad Rýnom, Nemecko),  |d 1597-1627  |4 prt  |9 361051 
710 1 |a Františkáni (Skalica, Slovensko)  |4 fmo  |9 305294 
752 |a Nemecko  |d Kolín 
852 |a Slovenská národná knižnica  |b Historické fondy 
852 |a snk  |b Františkáni Trnava  |p ID 100369/5/D1 
852 |a snk  |b Františkáni Skalica  |p ID 100369/5 
958 |a DA 
958 |a ONDV 
999 |c 1115548  |d 1117478 
952 |t Fr Tt 26 314  |a SNK  |b SNK  |c SNK_HF  |y PREZ  |7 0  |p 17A1131527  |o snkID 100369/5 D1  |i snk2018/25004  |8 5  |0 0  |1 0  |4 0  |d 2018-11-23  |f 1  |l 0  |r 2026-02-24 18:14:39  |w 2026-02-24 
952 |t Fr Sk 13 675  |a SNK  |b SNK  |c SNK_HF  |y PREZ  |7 0  |p 17A1356198  |o snkID 100369/5  |i snk2019/18021  |8 5  |0 0  |1 0  |4 0  |d 2019-07-08  |f 1  |l 0  |r 2026-02-24 18:14:39  |w 2026-02-24